Recuperación de la exactitud Lecto-escritora: ciclo medio

Gorde:
Xehetasun bibliografikoak
Egile nagusia: Vallés Arándiga, Antonio (Egilea)
Formatua: Liburua
Hizkuntza:gaztelania
Argitaratua: Madrid C.E.P.E 1989
Saila:Colección cuadernos de recuperación
Gaiak:
Etiketak: Etiketa erantsi
Etiketarik gabe, Izan zaitez lehena erregistro honi etiketa jartzen!

MARC

LEADER 00000nam a2200000 a 4500
001 UCW7748
003 CL-VaPUC
008 930817e19890000SP |||||||||||||||||spa|d
082 0 4 |a 372.43  |b VAL  |2 21 
100 0 |a Vallés Arándiga, Antonio  |e author  |9 312948 
245 1 0 |a Recuperación de la exactitud Lecto-escritora: ciclo medio 
300 |a 127 p 
942 |c BK 
945 |d 19930817 00:00:00 
260 |a Madrid  |b C.E.P.E  |c 1989 
650 7 |a LECTURA ENSEÑANZA CORRECTIVA  |2 CL-VaPUC  |9 312949 
583 |a last modification  |c 19930817 00:00:00  |k Rodrigo Vera 
490 0 |a Colección cuadernos de recuperación 
999 |c 220413  |d 220411 
952 |0 0  |1 0  |4 0  |6 372_430000000000000_VAL_1989  |7 0  |8 A  |9 212606  |a BIBEDU  |b BIBEDU  |d 2019-11-15  |i 2807998  |o 372.43 VAL 1989  |p 2807998  |r 2019-11-15  |w 2019-11-15  |y BK  |k EDU